SOLAS Consolidated edition 2014 : Consolidated text of the International Convention for the Safety of Life at Sea (SOLAS), 1974 and its protocol of 1988: articles, annexes and certificates / (Record no. 60)

000 -LEADER
fixed length control field 00696nam a2200169Ia 4500
008 - FIXED-LENGTH DATA ELEMENTS--GENERAL INFORMATION
fixed length control field 190719s9999||||xx |||||||||||||| ||und||
020 ## - INTERNATIONAL STANDARD BOOK NUMBER
International Standard Book Number 9789280115949
Terms of availability Rs. 7465.00
040 ## - CATALOGING SOURCE
Original cataloging agency IMU Kochi
082 04 - DEWEY DECIMAL CLASSIFICATION NUMBER
Classification number 343.0962
Item number In821
110 ## - MAIN ENTRY--CORPORATE NAME
Corporate name or jurisdiction name as entry element International Maritime Organization
245 #0 - TITLE STATEMENT
Title SOLAS Consolidated edition 2014 : Consolidated text of the International Convention for the Safety of Life at Sea (SOLAS), 1974 and its protocol of 1988: articles, annexes and certificates /
Statement of responsibility, etc. International Maritime Organization
250 ## - EDITION STATEMENT
Edition statement 6th ed.
260 ## - PUBLICATION, DISTRIBUTION, ETC.
Place of publication, distribution, etc. London :
Name of publisher, distributor, etc. International Maritime Organization ,
Date of publication, distribution, etc. 2014
300 ## - PHYSICAL DESCRIPTION
Extent ix, 474
Dimensions ; 30 cm.
650 ## - SUBJECT ADDED ENTRY--TOPICAL TERM
Topical term or geographic name entry element Ships
General subdivision Safety regulations
942 ## - ADDED ENTRY ELEMENTS (KOHA)
Source of classification or shelving scheme
Koha item type Books
Holdings
Withdrawn status Lost status Source of classification or shelving scheme Damaged status Not for loan Collection code Permanent Location Current Location Shelving location Date acquired Source of acquisition Cost, normal purchase price Total Checkouts Full call number Barcode Date last seen Date last checked out Price effective from Koha item type Public note
          IMO Collection IMU Kochi Library IMU Kochi Library General Stacks 2017-06-15 Excel Books Pvt. Ltd. 7465.00 15 343.0962 In821 BK004571 2024-10-01 2024-10-01 2019-07-19 Books Shelf-3, Row-2
          IMO Collection IMU Kochi Library IMU Kochi Library General Stacks 2017-06-15 Excel Books Pvt. Ltd. 7465.00 14 343.0962 In821 BK004572 2025-02-03 2025-01-27 2019-07-19 Books Shelf-3, Row-2
          IMO Collection IMU Kochi Library IMU Kochi Library Reference 2017-06-15 Excel Books Pvt. Ltd. 7465.00 10 343.0962 In821 BK004573 2024-10-01 2024-10-01 2019-07-19 Books Shelf-3, Row-2
          IMO Collection IMU Kochi Library IMU Kochi Library Reference 2016-05-05 M/s Sterling Book House (Inv. No.21/1617/Inv. dt. 2016-04-05) 9081.00 3 343.0962 In821 BK001510 2023-02-14 2023-02-14 2020-01-10 Reference book Shelf-3, Row-2


Copyright © All Rights Reserved by Indian Maritime University, Kochi Campus.
For any Suggestions/Query Contact to library or Email: library.kochi@imu.ac.in Ph:(0484)-2989402
(Web OPAC Designed by Rudra Ranjan. Maintained by IMU Kochi Library)

Powered by Koha